| 000 -LEADER |
| fixed length control field |
01569 a2200241 4500 |
| 003 - CONTROL NUMBER IDENTIFIER |
| control field |
Nust |
| 005 - DATE AND TIME OF LATEST TRANSACTION |
| control field |
20220802125506.0 |
| 010 ## - LIBRARY OF CONGRESS CONTROL NUMBER |
| LC control number |
2003064138 |
| 020 ## - INTERNATIONAL STANDARD BOOK NUMBER |
| International Standard Book Number |
0306483165 |
| 040 ## - CATALOGING SOURCE |
| Transcribing agency |
Nust |
| 082 00 - DEWEY DECIMAL CLASSIFICATION NUMBER |
| Classification number |
572.36,BIO |
| 245 00 - TITLE STATEMENT |
| Title |
Very High Frequency (VHF) ESR/EPR / |
| Statement of responsibility, etc. |
edited by Oleg Y. Grinberg and Lawrence J. Berliner. |
| 260 ## - PUBLICATION, DISTRIBUTION, ETC. |
| Place of publication, distribution, etc. |
New York : |
| Name of publisher, distributor, etc. |
Kluwer Academic/Plenum Publishers, |
| Date of publication, distribution, etc. |
2004. |
| 300 ## - PHYSICAL DESCRIPTION |
| Extent |
xxi, 569 p. : |
| Other physical details |
ill. ; |
| Dimensions |
24 cm. |
| 440 #0 - SERIES STATEMENT/ADDED ENTRY--TITLE |
| Title |
Biological magnetic resonance ; |
| Volume/sequential designation |
v. 22 |
| 9 (RLIN) |
96271 |
| 505 ## - FORMATTED CONTENTS NOTE |
| Formatted contents note |
The Early years (Page-1), The Development of High Field / High Frequency ESR (Page-19), Primary Processes in Photosynthesis (Page-46), High Field ESR (Page-96), The use of Very High Frequency EPR (VHF-EPR) in Studies of Radicals and Metal Sites in Proteins (Page-145),Time Resolved High Frequency and Frequency EPR Studies of Spin Correlated Radical Pairs in Photosynthetic (Page-166), Molecular Dynamics of Gd(III) Complexes in Aqueous Solution (Page-207), Pluse High Frequency EPR (Page-249), High Frequency EPR, ESEEM and ENDOR Stuides of Paramagnetic (Page-278), W-Band Pluse ENDOR of Transition Metal Centers in Orientationally Disordered (Page-306), |
| Miscellaneous information |
, |
| 650 #0 - SUBJECT ADDED ENTRY--TOPICAL TERM |
| Topical term or geographic name entry element |
Electron paramagnetic resonance spectroscopy. |
| 9 (RLIN) |
96272 |
| 700 1# - ADDED ENTRY--PERSONAL NAME |
| Personal name |
Berliner, Lawrence J. |
| 9 (RLIN) |
96273 |
| 700 1# - ADDED ENTRY--PERSONAL NAME |
| Personal name |
Grinberg, Oleg Y. |
| 9 (RLIN) |
96274 |
| 856 42 - ELECTRONIC LOCATION AND ACCESS |
| Materials specified |
Contributor biographical information |
| Uniform Resource Identifier |
<a href="http://www.loc.gov/catdir/enhancements/fy0819/2003064138-b.html">http://www.loc.gov/catdir/enhancements/fy0819/2003064138-b.html</a> |
| 856 42 - ELECTRONIC LOCATION AND ACCESS |
| Materials specified |
Publisher description |
| Uniform Resource Identifier |
<a href="http://www.loc.gov/catdir/enhancements/fy0819/2003064138-d.html">http://www.loc.gov/catdir/enhancements/fy0819/2003064138-d.html</a> |
| 942 ## - ADDED ENTRY ELEMENTS (KOHA) |
| Koha item type |
Reference |
| Source of classification or shelving scheme |
|